00283nam a2200109 a 4500008004100000050001700041100002200058245004400080260002600124300001400150350000900164120416s1978 ||||||||||||||||| || u aDT 435.5 Ben aBennett, Norman R12aA History of the Arab State of Zanzibar aLondonbMethuenc1978 aiv, 304p. a0.00